00722nam a2200217Ia 4500003000900000008004100009020002200050040001600072080002200088100002300110245003400133260002500167300001600192490002400208650003600232650001600268650005800284942000700342999001700349952013800366IN-BaIIA211028s9999 xx 000 0 eng d a978-3-319-00974-2 cIIA Library a523.43:82-31bKAN aKanas, Nick936361 4aThe New martianscNick Kanas  aChambSpringerc2014 aviii, 123p. aScience and fiction aExtraterrestrial physics936189 aPhysics973 aSpace flight - psychological aspects - fiction936362 cBK c19043d19043 00104070aBANbBANcGENd2015-04-30eANJ g6462.00l0o523.43:82-31/ KANp19965r2021-11-05v6462.00w2015-04-30yBKGRs. 6462.00